00290nam a2200109Ia 4500100001800000245010600018260001200124260001100136260000900147300000700156650001700163 aPerera,D.S.R. 3aAn investigation on extension of Dynamic Range of Calibration Curve in Atomic Absorption Spectrometry aColombo bIchemc c2009 a72 aSpectrometry